000 00665cam a2200229 a 4500
001 1916359
005 20180118052911.0
008 860114s1986 maua b 000 0 eng
010 _a 85045519
020 _a0669118672 (alk. paper)
040 _aDLC
_cDLC
_dDLC
041 _aeng
043 _an-us---
080 _a338.04 HIS
082 0 0 _a338.04 HIS
_219
100 _a55
101 _aNDE
245 0 0 _aEntrepreneurship, intrapreneurship, and venture capital :
_cedited by Robert D. Hisrich.
504 _aIncludes bibliographies.
906 _a7
_bcbc
_corignew
_d1
_eocip
_f19
_gy-gencatlg
942 _2ddc
_cBK
999 _c40467
_d40467